书目信息 |
| 题名: |
推理与决策
|
|
| 作者: | 梁彪 著 | |
| 分册: | ||
| 出版信息: | 广州 广东人民出版社 2002.10 |
|
| 页数: | 286页 | |
| 开本: | 21cm | |
| 丛书名: | ||
| 单 册: | ||
| 中图分类: | B812.23-49 | |
| 科图分类: | ||
| 主题词: | 推理--通俗读物 , 决策--通俗读物 | |
| 电子资源: | ||
| ISBN: | 7-218-04116-7 | |
| 000 | 00856nam0 2200253 450 | |
| 001 | 0157558031 | |
| 005 | 20050913084520.25 | |
| 010 | @a7-218-04116-7@dCNY18.00 | |
| 100 | @a20050309d2002 km y0chiy0120 ea | |
| 101 | 0 | @achi |
| 102 | @aCN@b440000 | |
| 105 | @aa a 000yy | |
| 200 | 1 | @a推理与决策@Atui li yu jue ce@f梁彪著@Fliang biao zhu |
| 210 | @a广州@c广东人民出版社@d2002.10 | |
| 215 | @a286页@c图@d21cm | |
| 300 | @a教育部人文社会科学重点研究基地基金项目赞助 | |
| 320 | @a有书目 (第286页)。 | |
| 330 | @a本书分为四部分。第一部分主要介绍基本的推理形式之一演绎推理;第二部分介绍科学推理;第三部分介绍统计推理;第四部分介绍决策,包括对策论的部分内容。 | |
| 606 | 0 | @a推理@x通俗读物 |
| 606 | 0 | @a决策@x通俗读物 |
| 690 | @aB812.23-49@v4 | |
| 701 | 0 | @a梁彪@Aliang biao@4著 |
| 801 | 0 | @aCN@bQSSK@c20050913 |
| 905 | @a10447@dB812.23-49@eL399 | |
| 推理与决策/梁彪著.-广州:广东人民出版社,2002.10 |
| 286页:图;21cm |
| 教育部人文社会科学重点研究基地基金项目赞助 |
| ISBN 7-218-04116-7:CNY18.00 |
| 本书分为四部分。第一部分主要介绍基本的推理形式之一演绎推理;第二部分介绍科学推理;第三部分介绍统计推理;第四部分介绍决策,包括对策论的部分内容。 |
| ● |
| 相关链接 |
|
|
|
正题名:推理与决策
索取号:B812.23-49/L399
 
预约/预借
| 序号 | 登录号 | 条形码 | 馆藏地/架位号 | 状态 | 备注 |
| 1 | 562863 | 205628631 | 社科库509/509社科库 20排3列6层/ [索取号:B812.23-49/L399] | 在馆 | |
| 2 | 562864 | 205628640 | 社科库509/509社科库 20排3列6层/ [索取号:B812.23-49/L399] | 在馆 | |
| 3 | 562865 | 205628659 | 社科库509/509社科库 20排3列6层/ [索取号:B812.23-49/L399] | 在馆 |